| 000 | 00676nam a2200181 a 4500 | ||
|---|---|---|---|
| 008 | 120125s2003 ||||||||||||||||| || u | ||
| 020 | _a9788178292885 | ||
| 050 | _aHG 178.3 HAR | ||
| 100 | _aHarper, Malcolm | ||
| 245 | 1 | 0 | _aPractical micro-finance: a training guide for South Asia |
| 260 |
_aNew Delhi: _bVistaar Publications _c2003 |
||
| 300 | _a175p.: ill. | ||
| 350 | _a0.00 | ||
| 650 | 0 | _aFINANCE--DEVELOPING COUNTRIES | |
| 650 | _aMICROFINANCE--STUDY AND TEACHING | ||
| 650 | _aMICROFINANCE | ||
| 995 |
_D0.00 _FCBU-MAIN LIBRARY (Kitwe) _H1 _I0.00 _M1 _UAVAILABLE _WMar 2, 2012 _ZMain Library Open Access Collection |
||
| 999 |
_c54269 _d54269 |
||